हिन्दी के तीन पग राजभाषा, राष्ट्रभाषा, विश्वभाषा / (Record no. 76968)

MARC details
000 -LEADER
fixed length control field 01069nam a22002177a 4500
005 - DATE AND TIME OF LATEST TRANSACTION
control field 20180910131247.0
010 ## - LCCN (DPL NO)
LC control number HIN-99619 B-702300-306
020 ## - INTERNATIONAL STANDARD BOOK NUMBER
Terms of availability 400.00
International Standard Book Number 9788171501014
020 ## - INTERNATIONAL STANDARD BOOK NUMBER
Terms of availability 595.00
035 ## - SYSTEM CONTROL NUMBER
System control number HN-71965
035 ## - SYSTEM CONTROL NUMBER
System control number B-702300-306
037 ## - SOURCE OF ACQUISITION
Source of stock number/acquisition DBAD/PUB
082 ## - DEWEY DECIMAL CLASSIFICATION NUMBER
Classification number 425
245 ## - TITLE STATEMENT
Title हिन्दी के तीन पग राजभाषा, राष्ट्रभाषा, विश्वभाषा /
Statement of responsibility, etc बलदेव वंशी द्वारा संपादित
260 ## - PUBLICATION, DISTRIBUTION, ETC. (IMPRINT)
Place of publication, distribution, etc दिल्ली
Name of publisher, distributor, etc इन्द्रप्रस्थ प्रकाशन
Date of publication, distribution, etc 2017
270 ## - ADDRESS
Address के-71, कृष्णा नगर,
City दिल्ली
Postal code 110051
300 ## - PHYSICAL DESCRIPTION
Extent 264पृ.
Dimensions 22 सें.मी.(सजिल्द)
700 ## - ADDED ENTRY--PERSONAL NAME
Dates associated with a name वंशी,बलदेव
942 ## - ADDED ENTRY ELEMENTS (KOHA)
Source of classification or shelving scheme Dewey Decimal Classification
Item type Hindi Books
Classification part 425
Call number suffix हिन्दीके
Holdings
Withdrawn status Lost status Not for loan Collection code Home library Current library Date acquired Source of acquisition Cost, normal purchase price Full call number Barcode Copy number Cost, replacement price Koha item type
      Non-fiction Ashok Vihar Ashok Vihar 10/09/2018 Indraprastha Prakashan/1014/14-05-18/63/25-04-18/20-08-18 595.00 425 हिन्दीके B-702301 1 595.00 Hindi Books
    Not For Loan Non-fiction D.B.Act.Division Bawana 25/06/2013 DBAD/PUB 400.00 425 हिन्दीके HN-71965 1 400.00 Hindi Books
      Non-fiction Central Library Central Library 10/09/2018 Indraprastha Prakashan/1014/14-05-18/63/25-04-18/20-08-18 595.00 425 हिन्दीके B-702300 1 595.00 Hindi Books
      Non-fiction Janak Puri Janak Puri 10/09/2018 Indraprastha Prakashan/1014/14-05-18/63/25-04-18/20-08-18 595.00 425 हिन्दीके B-702303 1 595.00 Hindi Books
      Non-fiction Patel Nagar Patel Nagar 10/09/2018 Indraprastha Prakashan/1014/14-05-18/63/25-04-18/20-08-18 595.00 425 हिन्दीके B-702302 1 595.00 Hindi Books
      Non-fiction Sarojini Nagar Sarojini Nagar 10/09/2018 Indraprastha Prakashan/1014/14-05-18/63/25-04-18/20-08-18 595.00 425 हिन्दीके B-702304 1 595.00 Hindi Books
      Non-fiction Shahdara Branch Shahdara Branch 10/09/2018 Indraprastha Prakashan/1014/14-05-18/63/25-04-18/20-08-18 595.00 425 हिन्दीके B-702306 1 595.00 Hindi Books
      Non-fiction Vinoba Puri Vinoba Puri 10/09/2018 Indraprastha Prakashan/1014/14-05-18/63/25-04-18/20-08-18 595.00 425 हिन्दीके B-702305 1 595.00 Hindi Books

© Delhi Public Library
Hit Counter
free hit counter